[Event "4MCR_3DW_1L_2S"]
[Site "CR"]
[Date "2011.??.??"]
[Round "?"]
[White "Kratochvil, Jan"]
[Black "Mudra, Oldrich"]
[Result "1/2-1/2"]
[WhiteElo "2114"]
[BlackElo "2154"]
[Annotator "024"]
[PlyCount "93"]
[EventDate "2011.??.??"]
[EventType "corr"]

1. d4 Nf6 2. c4 e6 3. Nf3 d5 4. Bg5 Be7 5. Nc3 O-O 6. e3 Nbd7 7. Rc1 c6 8. Qc2
Re8 9. Bd3 dxc4 10. Bxc4 Nd5 11. Bxe7 Qxe7 12. Ne4 Qb4+ 13. Ned2 Qe7 14. O-O e5
15. Bxd5 cxd5 16. dxe5 Nxe5 17. Nxe5 Qxe5 18. Nf3 Qd6 19. Qc5 Qa6 20. a3 Be6
21. Nd4 Rac8 22. Qb5 Qxb5 23. Nxb5 a6 24. Nc7 Red8 25. Rfd1 Kf8 26. Rc5 Ke7 27.
Kf1 b6 28. Rc3 a5 29. f3 g5 30. Ke2 h5 31. Rdc1 Bf5 32. Nxd5+ Rxd5 33. Rxc8
Bxc8 34. Rxc8 Rb5 35. Rc2 Rb3 36. Kf2 Kf6 37. Rd2 Ke5 38. Re2 f5 39. e4 f4 40.
h3 a4 41. Rd2 Ke6 42. Kg1 b5 43. Kf2 Ke5 44. Ke2 Ke6 45. Kf1 Ke5 46. Kf2 b4 47.
axb4 1/2-1/2

[Event "4MCR_3DW_1L_2S"]
[Site "CR"]
[Date "2011.??.??"]
[Round "?"]
[White "Mudra, Oldrich"]
[Black "Kratochvil, Jan"]
[Result "1/2-1/2"]
[WhiteElo "2154"]
[BlackElo "2114"]
[Annotator "025"]
[PlyCount "80"]
[EventDate "2011.??.??"]
[EventType "corr"]

1. Nf3 d5 2. d4 Nf6 3. g3 c5 4. Bg2 Nc6 5. O-O e6 6. c4 dxc4 7. Ne5 Bd7 8. Na3
cxd4 9. Naxc4 Bc5 10. Qb3 O-O 11. Bf4 Qc8 12. Rfd1 Rd8 13. Rac1 Nd5 14. Nxd7
Qxd7 15. Ne5 Nxe5 16. Bxe5 Rac8 17. Rb1 Qe7 18. Bxd4 b6 19. h3 g6 20. e3 Bxd4
21. Rxd4 Nf6 22. Rxd8+ Qxd8 23. Rd1 Qe7 24. Rd3 Rc1+ 25. Rd1 Qc7 26. Rxc1 Qxc1+
27. Bf1 Ne4 28. Qc4 Qxc4 29. Bxc4 Kf8 30. Kg2 Ke7 31. f3 Nd6 32. Bd3 f5 33. b4
e5 34. e4 f4 35. g4 h6 36. Kf2 Kd7 37. Ke1 g5 38. b5 Nf7 39. Kd2 Kd6 40. Bc4
Nh8 1/2-1/2

[Event "4MCR_3DW_1L_2S"]
[Site "CR"]
[Date "2011.??.??"]
[Round "?"]
[White "Kratochvil, Jan"]
[Black "Bares, Jiri"]
[Result "1/2-1/2"]
[WhiteElo "2114"]
[BlackElo "2219"]
[Annotator "026"]
[PlyCount "79"]
[EventDate "2011.??.??"]
[EventType "corr"]

1. d4 Nf6 2. c4 e6 3. Nf3 d5 4. Nc3 Be7 5. Bg5 h6 6. Bh4 O-O 7. e3 Nbd7 8. Rc1
c6 9. Bd3 dxc4 10. Bxc4 b5 11. Bd3 Bb7 12. O-O a6 13. a4 b4 14. Bxf6 Bxf6 15.
Ne4 Be7 16. Qe2 a5 17. Rfd1 Qb6 18. Nfd2 Rac8 19. Nc4 Qc7 20. Ned2 c5 21. Nb3
Bc6 22. Ncxa5 Bxa4 23. Bb5 Bxb5 24. Qxb5 Rb8 25. Qc6 Rfc8 26. Qxc7 Rxc7 27.
dxc5 Nxc5 28. Nxc5 Bxc5 29. g4 g5 30. Nb3 Bb6 31. Kg2 Kf8 32. Kf3 Ke7 33. Rxc7+
Bxc7 34. Nd4 Rb6 35. Ke4 Bxh2 36. Rh1 Bd6 37. Rxh6 Ra6 38. Rh1 Kf6 39. Rd1 Be7
40. Rb1 1/2-1/2

[Event "4MCR_3DW_1L_2S"]
[Site "CR"]
[Date "2011.??.??"]
[Round "?"]
[White "Bares, Jiri"]
[Black "Paulik, Vaclav"]
[Result "1/2-1/2"]
[WhiteElo "2219"]
[BlackElo "2281"]
[Annotator "027"]
[PlyCount "68"]
[EventDate "2011.??.??"]
[EventType "corr"]

1. d4 Nf6 2. c4 e6 3. Nf3 b6 4. g3 Ba6 5. b3 Bb4+ 6. Bd2 Be7 7. Bg2 c6 8. Bc3
d5 9. Ne5 Nfd7 10. Nxd7 Nxd7 11. Nd2 O-O 12. O-O Rc8 13. e4 c5 14. exd5 exd5
15. dxc5 dxc4 16. c6 cxb3 17. Re1 b2 18. Bxb2 Nc5 19. Nc4 Bxc4 20. Qg4 Bg5 21.
Qxc4 Nd3 22. Be5 Nxe1 23. Rxe1 Bf6 24. Bxf6 Qxf6 25. c7 Qd6 26. Rc1 b5 27. Qc2
g6 28. Bb7 b4 29. h4 a5 30. Kf1 Rfe8 31. Qc4 Kg7 32. Bxc8 Rxc8 33. Qc2 h5 34.
Kg2 Qd5+ 1/2-1/2

[Event "4MCR_3DW_1L_2S"]
[Site "CR"]
[Date "2011.??.??"]
[Round "?"]
[White "Portych, Vaclav"]
[Black "Paulik, Vaclav"]
[Result "1/2-1/2"]
[WhiteElo "2178"]
[BlackElo "2281"]
[Annotator "028"]
[PlyCount "49"]
[EventDate "2011.??.??"]
[EventType "corr"]

1. c4 e5 2. g3 Nf6 3. Nc3 Bb4 4. Nf3 Nc6 5. Nd5 Bc5 6. Bg2 d6 7. O-O O-O 8. e3
Bg4 9. h3 Bh5 10. Qb3 e4 11. Ne1 Bb6 12. Nf4 Bg6 13. Nxg6 hxg6 14. d3 Qe7 15.
Bd2 Nb8 16. Rd1 Re8 17. Bc3 Nbd7 18. a4 a5 19. dxe4 Nc5 20. Qc2 Ncxe4 21. Bxf6
gxf6 22. Qxe4 Qxe4 23. Bxe4 Rxe4 24. b3 Kg7 25. Kg2 1/2-1/2

[Event "4MCR_3DW_1L_2S"]
[Site "CR"]
[Date "2011.??.??"]
[Round "?"]
[White "Paulik, Vaclav"]
[Black "Portych, Vaclav"]
[Result "1/2-1/2"]
[WhiteElo "2281"]
[BlackElo "2178"]
[Annotator "029"]
[PlyCount "48"]
[EventDate "2011.??.??"]
[EventType "corr"]

1. e4 c5 2. c3 Nf6 3. e5 Nd5 4. d4 cxd4 5. Nf3 Nc6 6. Bc4 Nb6 7. Bb3 d5 8. exd6
Qxd6 9. O-O Be6 10. Na3 dxc3 11. Qe2 Bxb3 12. Nb5 Qb8 13. axb3 e5 14. bxc3 Be7
15. Be3 Nd7 16. Rfd1 a6 17. Na3 Bxa3 18. Rxa3 Qc7 19. Nh4 O-O 20. Nf5 Nf6 21.
Rd6 Kh8 22. Ra4 Ne8 23. Rd2 Rd8 24. Rxd8 Qxd8 1/2-1/2

[Event "4MCR_3DW_1L_2S"]
[Site "CR"]
[Date "2011.??.??"]
[Round "?"]
[White "Kyhos, Alois"]
[Black "Paulik, Vaclav"]
[Result "1/2-1/2"]
[WhiteElo "2315"]
[BlackElo "2281"]
[Annotator "030"]
[PlyCount "70"]
[EventDate "2011.??.??"]
[EventType "corr"]

1. d4 Nf6 2. c4 e6 3. Nf3 d5 4. Nc3 Be7 5. Bg5 O-O 6. e3 h6 7. Bh4 b6 8. Rc1
Bb7 9. cxd5 Nxd5 10. Bxe7 Qxe7 11. Bd3 c5 12. dxc5 Rd8 13. Nxd5 Bxd5 14. O-O
Nd7 15. e4 Bxa2 16. b4 bxc5 17. Qc2 cxb4 18. Qxa2 a5 19. e5 a4 20. Qe2 Nc5 21.
Bb1 Rd5 22. Qe3 Rad8 23. Rc4 b3 24. Qc1 Qa7 25. Rg4 Kh8 26. Rh4 a3 27. Rxh6+
Kg8 28. Qg5 Nd3 29. Rh5 Nxf2 30. Qh4 Ng4+ 31. Kh1 Nf2+ 32. Kg1 Nh3+ 33. Kh1
Nf2+ 34. Kg1 Nh3+ 35. Kh1 Nf2+ 1/2-1/2

[Event "4MCR_3DW_1L_2S"]
[Site "CR"]
[Date "2011.??.??"]
[Round "?"]
[White "Portych, Vaclav"]
[Black "Mudra, Oldrich"]
[Result "1/2-1/2"]
[WhiteElo "2178"]
[BlackElo "2154"]
[Annotator "031"]
[PlyCount "51"]
[EventDate "2011.??.??"]
[EventType "corr"]

1. c4 Nf6 2. Nc3 e6 3. Nf3 d5 4. d4 Bb4 5. cxd5 exd5 6. Bg5 Nbd7 7. Rc1 c6 8.
a3 Bd6 9. e3 Nf8 10. Bd3 Ng6 11. O-O O-O 12. Qc2 h6 13. Bxf6 Qxf6 14. e4 Bf4
15. e5 Qd8 16. Rcd1 Bg4 17. Be2 Qc8 18. g3 Bf5 19. Qb3 Bh3 20. Rfe1 h5 21. Nd2
Bh6 22. Bxh5 Qf5 23. Be2 Nf4 24. Nf3 Qh5 25. Nh4 Nxe2+ 26. Nxe2 1/2-1/2

[Event "4MCR_3DW_1L_2S"]
[Site "CR"]
[Date "2011.??.??"]
[Round "?"]
[White "Svoboda, Frantisek"]
[Black "Cernovsky, Karel"]
[Result "1/2-1/2"]
[WhiteElo "2416"]
[BlackElo "2253"]
[Annotator "032"]
[PlyCount "82"]
[EventDate "2011.??.??"]
[EventType "corr"]

1. c4 e5 2. Nc3 Nf6 3. Nf3 Nc6 4. g3 d5 5. cxd5 Nxd5 6. Bg2 Nb6 7. O-O Be7 8.
a3 O-O 9. b4 Be6 10. Rb1 f6 11. d3 Nd4 12. Bb2 Nxf3+ 13. Bxf3 c6 14. Qc2 a5 15.
b5 cxb5 16. Nxb5 Rc8 17. Bc3 Nd5 18. Qb2 Nxc3 19. Nxc3 Qd7 20. Bxb7 Rc7 21. Ne4
Kf7 22. Ba6 Ra8 23. Bb5 Qd4 24. Qxd4 exd4 25. a4 Bb4 26. f4 g6 27. Rfc1 Rac8
28. Rxc7+ Rxc7 29. Bc4 Rxc4 30. dxc4 Bf5 31. Rxb4 axb4 32. Nc5 Ke7 33. a5 Kd6
34. Na4 Kc6 35. Kf2 Bc2 36. Nb2 Kb7 37. c5 Kc6 38. a6 Kxc5 39. a7 Be4 40. Nd3+
Kb5 41. e3 Kc4 1/2-1/2

[Event "4MCR_3DW_1L_2S"]
[Site "CR"]
[Date "2011.??.??"]
[Round "?"]
[White "Alexa, Jaroslav"]
[Black "Kyhos, Alois"]
[Result "1/2-1/2"]
[WhiteElo "2327"]
[BlackElo "2315"]
[Annotator "033"]
[PlyCount "53"]
[EventDate "2011.??.??"]
[EventType "corr"]

1. d4 Nf6 2. c4 e6 3. Nf3 b6 4. g3 Bb7 5. Bg2 Be7 6. Nc3 O-O 7. O-O Ne4 8. Bd2
d5 9. cxd5 exd5 10. Rc1 Nd7 11. Bf4 c5 12. Nxe4 dxe4 13. Nd2 f5 14. Nc4 Nf6 15.
dxc5 Bxc5 16. Nd6 Bxd6 17. Qxd6 Qxd6 18. Bxd6 Rfe8 19. Rfd1 Rad8 20. Kf1 Rd7
21. Bf4 Rxd1+ 22. Rxd1 Kf7 23. Rc1 Re7 24. Bb8 a6 25. Bd6 Rd7 26. Rc7 Ke6 27.
Rxd7 1/2-1/2

[Event "4MCR_3DW_1L_2S"]
[Site "CR"]
[Date "2011.??.??"]
[Round "?"]
[White "Kratochvil, Jan"]
[Black "Alexa, Jaroslav"]
[Result "1/2-1/2"]
[WhiteElo "2114"]
[BlackElo "2327"]
[Annotator "034"]
[PlyCount "57"]
[EventDate "2011.??.??"]
[EventType "corr"]

1. d4 d5 2. Nf3 c6 3. c4 Nf6 4. Nc3 e6 5. cxd5 exd5 6. Bg5 Be7 7. Qc2 g6 8. e3
Bf5 9. Bd3 Bxd3 10. Qxd3 Nbd7 11. O-O O-O 12. Rab1 a5 13. Bf4 Re8 14. Rfc1 Bf8
15. Qc2 Nh5 16. Re1 Nxf4 17. exf4 Qb6 18. Na4 Qc7 19. g3 Bb4 20. Nc3 Nb6 21.
Nd2 Qd7 22. a3 Bd6 23. Kg2 Kg7 24. Na4 Nxa4 25. Qxa4 Bc7 26. Qb3 Bd6 27. Qa4
Qc7 28. Qb3 f6 29. Rbd1 1/2-1/2

[Event "4MCR_3DW_1L_2S"]
[Site "CR"]
[Date "2011.??.??"]
[Round "?"]
[White "Kyhos, Alois"]
[Black "Mudra, Oldrich"]
[Result "1/2-1/2"]
[WhiteElo "2315"]
[BlackElo "2154"]
[Annotator "035"]
[PlyCount "75"]
[EventDate "2011.??.??"]
[EventType "corr"]

1. d4 Nf6 2. c4 e6 3. Nf3 d5 4. Nc3 Be7 5. Bg5 h6 6. Bh4 O-O 7. e3 b6 8. Rc1
Bb7 9. cxd5 Nxd5 10. Bxe7 Qxe7 11. Bd3 Rc8 12. O-O c5 13. Nxd5 Bxd5 14. dxc5
Rxc5 15. Rxc5 Qxc5 16. Qd2 Bxf3 17. Rc1 Qf8 18. gxf3 Nd7 19. Bh7+ Kxh7 20. Qxd7
Kg8 21. Qb7 Qd8 22. b3 a5 23. h4 Rb8 24. Qc7 b5 25. Rc5 Qxc7 26. Rxc7 b4 27.
Rc5 Ra8 28. Kf1 Kf8 29. Ke2 Ke7 30. Rc7+ Kf6 31. f4 g6 32. Rc5 h5 33. Rb5 Ke7
34. f3 Ra7 35. e4 Kf6 36. Ke3 Ra6 37. Kd3 Ra8 38. Kd2 1/2-1/2

[Event "4MCR_3DW_1L_2S"]
[Site "CR"]
[Date "2011.??.??"]
[Round "?"]
[White "Alexa, Jaroslav"]
[Black "Mezera, Lukas"]
[Result "1/2-1/2"]
[WhiteElo "2327"]
[BlackElo "2319"]
[Annotator "036"]
[PlyCount "48"]
[EventDate "2011.??.??"]
[EventType "corr"]

1. d4 Nf6 2. c4 e6 3. Nf3 b6 4. g3 Ba6 5. Qa4 Bb7 6. Bg2 c5 7. dxc5 Bxc5 8. O-O
O-O 9. Nc3 Be7 10. Rd1 Na6 11. Bf4 Nc5 12. Qc2 Qc8 13. Rd4 d5 14. Rc1 Nce4 15.
Nxe4 dxe4 16. Ne5 h6 17. Rdd1 Rd8 18. Rxd8+ Qxd8 19. Rd1 Qe8 20. a3 Rd8 21. b4
Rxd1+ 22. Qxd1 Qc8 23. Qd4 Qe8 24. Bc1 Qd8 1/2-1/2

[Event "4MCR_3DW_1L_2S"]
[Site "CR"]
[Date "2011.??.??"]
[Round "?"]
[White "Mezera, Lukas"]
[Black "Svoboda, Frantisek"]
[Result "1/2-1/2"]
[WhiteElo "2319"]
[BlackElo "2416"]
[Annotator "037"]
[PlyCount "59"]
[EventDate "2011.??.??"]
[EventType "corr"]

1. e4 e6 2. d4 d5 3. Nd2 Nf6 4. e5 Nfd7 5. Bd3 c5 6. c3 Nc6 7. Ne2 cxd4 8. cxd4
f6 9. exf6 Nxf6 10. Nf3 Bd6 11. O-O Qc7 12. Bg5 O-O 13. Bh4 Bd7 14. Bg3 a6 15.
Rc1 Bxg3 16. Nxg3 Qf4 17. Re1 Rae8 18. h3 e5 19. Nxe5 Nxd4 20. Nxd7 Nxd7 21.
Rxe8 Qxf2+ 22. Kh1 Rxe8 23. Bxh7+ Kf8 24. Qf1 Qxf1+ 25. Rxf1+ Nf6 26. Bg6 Re5
27. Nh5 Rg5 28. Nxf6 gxf6 29. Bd3 Kg7 30. Kg1 1/2-1/2

[Event "4MCR_3DW_1L_2S"]
[Site "CR"]
[Date "2011.??.??"]
[Round "?"]
[White "Bares, Jiri"]
[Black "Svoboda, Frantisek"]
[Result "1/2-1/2"]
[WhiteElo "2219"]
[BlackElo "2416"]
[Annotator "038"]
[PlyCount "53"]
[EventDate "2011.??.??"]
[EventType "corr"]

1. d4 e6 2. e4 d5 3. exd5 exd5 4. Nf3 Bd6 5. Bd3 Ne7 6. O-O O-O 7. Re1 Bf5 8.
Nc3 c6 9. Ne2 Nd7 10. Bf4 Nf6 11. Bxd6 Qxd6 12. Ng3 Bxd3 13. Qxd3 Rfe8 14. Re3
Ng6 15. Rae1 Rxe3 16. Rxe3 Qc7 17. Ne5 Nxe5 18. Rxe5 g6 19. Qe2 a5 20. c3 b5
21. Re7 Qf4 22. Qe5 Qc1+ 23. Nf1 Ne4 24. Re8+ Rxe8 25. Qxe8+ Kg7 26. Qe5+ f6
27. Qe7+ 1/2-1/2

[Event "4MCR_3DW_1L_2S"]
[Site "CR"]
[Date "2011.??.??"]
[Round "?"]
[White "Mezera, Lukas"]
[Black "Cernovsky, Karel"]
[Result "1/2-1/2"]
[WhiteElo "2319"]
[BlackElo "2253"]
[Annotator "039"]
[PlyCount "96"]
[EventDate "2011.??.??"]
[EventType "corr"]

1. e4 e5 2. Nf3 Nc6 3. Bb5 a6 4. Ba4 Nf6 5. O-O Be7 6. Re1 b5 7. Bb3 d6 8. c3
O-O 9. h3 Na5 10. Bc2 c5 11. d4 Qc7 12. Nbd2 cxd4 13. cxd4 Bb7 14. d5 Rac8 15.
Bd3 Nd7 16. Nf1 f5 17. Ng3 f4 18. Nf5 Bd8 19. b3 g6 20. Nh6+ Kg7 21. Ng4 Qb6
22. Bd2 Nc5 23. Bc2 Nd7 24. Rc1 Ba8 25. Bb1 Be7 26. Bb4 Kf7 27. Qd2 Nb7 28. Rc6
Rxc6 29. dxc6 Qxc6 30. Rc1 Qb6 31. Nfxe5+ Nxe5 32. Qd5+ Kg7 33. Nxe5 Nc5 34.
Qd4 Bf6 35. Bxc5 dxc5 36. Qxc5 Qxc5 37. Rxc5 Bxe5 38. Rxe5 Rc8 39. Re7+ Kf6 40.
Ra7 Rc1+ 41. Kh2 Bc6 42. Rxa6 Ke5 43. b4 Rxb1 44. Rxc6 Rxb4 45. f3 Kd4 46. h4
Rb2 47. a3 Rb3 48. Rb6 Kc5 1/2-1/2

[Event "4MCR_3DW_1L_2S"]
[Site "CR"]
[Date "2011.??.??"]
[Round "?"]
[White "Paulik, Vaclav"]
[Black "Mezera, Lukas"]
[Result "1/2-1/2"]
[WhiteElo "2281"]
[BlackElo "2319"]
[Annotator "040"]
[PlyCount "68"]
[EventDate "2011.??.??"]
[EventType "corr"]

1. e4 e5 2. Nf3 Nc6 3. Bb5 f5 4. Nc3 fxe4 5. Nxe4 d5 6. Nxe5 dxe4 7. Nxc6 Qg5
8. Qe2 Nf6 9. f4 Qxf4 10. Nxa7+ Bd7 11. Bxd7+ Kxd7 12. Qb5+ Ke6 13. Qb3+ Kd7
14. Qxb7 Bd6 15. Qb5+ Ke6 16. Qb3+ Kd7 17. g3 Qf3 18. Qf7+ Be7 19. Rf1 Qg2 20.
Qc4 Rxa7 21. Qd4+ Bd6 22. Qxa7 Qxh2 23. Qa4+ c6 24. Qc4 Qxg3+ 25. Kd1 h5 26. b4
h4 27. Bb2 h3 28. Bxf6 h2 29. Qxe4 Qh3 30. Rh1 Re8 31. Qd3 Qg2 32. Qf1 Qg4+ 33.
Kc1 gxf6 34. Qd3 Kc7 1/2-1/2

[Event "4MCR_3DW_1L_2S"]
[Site "CR"]
[Date "2011.??.??"]
[Round "?"]
[White "Mezera, Lukas"]
[Black "Kratochvil, Jan"]
[Result "1/2-1/2"]
[WhiteElo "2319"]
[BlackElo "2114"]
[Annotator "041"]
[PlyCount "70"]
[EventDate "2011.??.??"]
[EventType "corr"]

1. e4 c5 2. Nf3 Nc6 3. d4 cxd4 4. Nxd4 e6 5. Nc3 d6 6. Be3 Nf6 7. f4 Be7 8. Qf3
O-O 9. O-O-O Qc7 10. g4 Nxd4 11. Bxd4 e5 12. fxe5 dxe5 13. Qg3 Bd6 14. Be3 Bxg4
15. Rg1 g6 16. Rd3 Be7 17. Bd4 Be6 18. Bxe5 Qa5 19. Bd4 Rfd8 20. a3 Nh5 21. Qf2
Rxd4 22. Qxd4 Nf4 23. Rd2 Rd8 24. Qf2 Rxd2 25. Qxd2 Qc5 26. Rg3 Nh5 27. Rg2 Bh3
28. Nd5 Bxg2 29. Qxg2 Bd6 30. b4 Qd4 31. c3 Qe5 32. h3 a5 33. Kb2 Nf6 34. Bc4
axb4 35. axb4 Kg7 1/2-1/2

[Event "4MCR_3DW_1L_2S"]
[Site "CR"]
[Date "2011.??.??"]
[Round "?"]
[White "Paulik, Vaclav"]
[Black "Kyhos, Alois"]
[Result "1-0"]
[WhiteElo "2281"]
[BlackElo "2315"]
[Annotator "042"]
[PlyCount "65"]
[EventDate "2011.??.??"]
[EventType "corr"]

1. e4 e5 2. Nf3 Nc6 3. Bb5 a6 4. Ba4 Nf6 5. d4 exd4 6. O-O b5 7. Bb3 Na5 8.
Nxd4 Bb7 9. Nc3 Nxb3 10. axb3 Bc5 11. Nf5 O-O 12. e5 Ne8 13. Qg4 Kh8 14. b4 Bb6
15. Rd1 g6 16. Nh6 f6 17. Rxd7 f5 18. Rf7 Ng7 19. Qg3 Ne6 20. h4 Qe8 21. Rxf8+
Qxf8 22. Bg5 Nxg5 23. hxg5 Re8 24. Rd1 Qxb4 25. e6 f4 26. Qd3 Qc5 27. Qe2 f3
28. Qe1 Bc6 29. b4 Qxf2+ 30. Qxf2 Bxf2+ 31. Kxf2 Kg7 32. Nf7 fxg2 33. Nd8 1-0

[Event "4MCR_3DW_1L_2S"]
[Site "CR"]
[Date "2011.??.??"]
[Round "?"]
[White "Kratochvil, Jan"]
[Black "Mezera, Lukas"]
[Result "1/2-1/2"]
[WhiteElo "2114"]
[BlackElo "2319"]
[Annotator "043"]
[PlyCount "81"]
[EventDate "2011.??.??"]
[EventType "corr"]

1. d4 Nf6 2. g3 g6 3. c4 Bg7 4. Bg2 d5 5. cxd5 Nxd5 6. Nf3 Nb6 7. Nc3 Nc6 8. e3
O-O 9. O-O Re8 10. d5 Na5 11. Nd4 Bd7 12. e4 c6 13. Re1 cxd5 14. exd5 Qc8 15.
Rb1 Bg4 16. Qd3 Nac4 17. Bg5 Qc5 18. Re4 h6 19. Bxh6 Bxh6 20. b3 e5 21. Rxg4
exd4 22. Ne4 Rxe4 23. Qxe4 Nd6 24. Qxd4 Rc8 25. Qxc5 Rxc5 26. Re1 Rc2 27. Be4
Rxa2 28. Bxg6 Bg7 29. Bh5 Rb2 30. Re7 Rxb3 31. Bxf7+ Nxf7 32. Rxb7 Rc3 33. d6
Rc8 34. Rxa7 Rd8 35. h4 Rxd6 36. Kg2 Nd7 37. Rb4 Bd4 38. Rc7 Nd8 39. f4 Ne6 40.
Rc2 Bf6 41. Rb7 1/2-1/2

[Event "4MCR_3DW_1L_2S"]
[Site "CR"]
[Date "2011.??.??"]
[Round "?"]
[White "Alexa, Jaroslav"]
[Black "Svoboda, Frantisek"]
[Result "1/2-1/2"]
[WhiteElo "2327"]
[BlackElo "2416"]
[Annotator "044"]
[PlyCount "58"]
[EventDate "2011.??.??"]
[EventType "corr"]

1. d4 e6 2. c4 Nf6 3. Nc3 c5 4. d5 exd5 5. cxd5 d6 6. e4 g6 7. h3 Bg7 8. Nf3
O-O 9. Bd3 b5 10. Nxb5 Re8 11. O-O Nxe4 12. Re1 a6 13. Na3 Nf6 14. Rxe8+ Nxe8
15. Bg5 Qc7 16. Qa4 Nf6 17. Nb5 Qd7 18. Re1 Nxd5 19. Qb3 axb5 20. Bxb5 Nc6 21.
Qxd5 Bb7 22. a4 Nb4 23. Qxc5 dxc5 24. Bxd7 c4 25. Bb5 h6 26. Be3 Nd3 27. Rd1
Nxb2 28. Rd7 Be4 29. Re7 Bxf3 1/2-1/2

[Event "4MCR_3DW_1L_2S"]
[Site "CR"]
[Date "2011.??.??"]
[Round "?"]
[White "Kyhos, Alois"]
[Black "Bares, Jiri"]
[Result "1/2-1/2"]
[WhiteElo "2315"]
[BlackElo "2219"]
[Annotator "045"]
[PlyCount "82"]
[EventDate "2011.??.??"]
[EventType "corr"]

1. d4 Nf6 2. c4 e6 3. Nf3 d5 4. Nc3 Be7 5. Bg5 h6 6. Bh4 O-O 7. e3 Nbd7 8. Rc1
c6 9. Bd3 dxc4 10. Bxc4 b5 11. Bd3 Bb7 12. O-O Rc8 13. a3 a5 14. Qe2 b4 15.
axb4 axb4 16. Ne4 Nxe4 17. Bxe7 Qxe7 18. Bxe4 Nf6 19. Nd2 e5 20. dxe5 Qxe5 21.
Bf3 Qxb2 22. Rb1 Qc3 23. Rfc1 Ba6 24. Qxa6 Qxd2 25. Qc4 Rb8 26. Rc2 Qd6 27.
Qxc6 Qxc6 28. Rxc6 Rb5 29. Be2 Rb7 30. Rb2 Rfb8 31. Rc4 Rb6 32. Rb3 Nd5 33. g4
g6 34. Kg2 Kg7 35. h4 Ne7 36. Bf3 Nc8 37. Rd4 Nd6 38. Bd5 Ne8 39. Rc4 Nf6 40.
Rd4 Rd6 41. e4 Nxe4 1/2-1/2

[Event "4MCR_3DW_1L_2S"]
[Site "CR"]
[Date "2011.??.??"]
[Round "?"]
[White "Bares, Jiri"]
[Black "Kyhos, Alois"]
[Result "1/2-1/2"]
[WhiteElo "2219"]
[BlackElo "2315"]
[Annotator "046"]
[PlyCount "81"]
[EventDate "2011.??.??"]
[EventType "corr"]

1. d4 Nf6 2. c4 e6 3. Nf3 b6 4. g3 Bb7 5. Bg2 Be7 6. O-O O-O 7. Nc3 Ne4 8. Qc2
Nxc3 9. Qxc3 c5 10. Rd1 d6 11. Bf4 Nd7 12. Qd2 d5 13. Rac1 dxc4 14. dxc5 Nxc5
15. Qe3 Qe8 16. Rxc4 Bd5 17. Rcc1 a5 18. a3 a4 19. Ne1 Bxg2 20. Kxg2 Rd8 21.
Nd3 Nb3 22. Rc7 Bf6 23. Bg5 Bxg5 24. Qxg5 h6 25. Qe3 Rd6 26. Rc4 b5 27. Rc3 Qb8
28. Qf4 Rfd8 29. f3 Qa7 30. Rc8 Rxc8 31. Qxd6 Qe3 32. Nf4 g5 33. Rd3 Qc5 34.
Qd7 Qc7 35. Qxc7 Rxc7 36. Rd8+ Kh7 37. Nd3 Nc1 38. Nxc1 Rxc1 39. Rd2 Kg6 40.
Kf2 Rh1 41. Kg2 1/2-1/2

[Event "4MCR_3DW_1L_2S"]
[Site "CR"]
[Date "2011.??.??"]
[Round "?"]
[White "Portych, Vaclav"]
[Black "Cernovsky, Karel"]
[Result "0-1"]
[WhiteElo "2178"]
[BlackElo "2253"]
[Annotator "047"]
[PlyCount "86"]
[EventDate "2011.??.??"]
[EventType "corr"]

1. c4 e5 2. g3 Nf6 3. Nc3 d5 4. cxd5 Nxd5 5. Bg2 Nb6 6. Nf3 Nc6 7. O-O Be7 8.
a3 O-O 9. b4 Be6 10. d3 a5 11. b5 Nd4 12. Nd2 c6 13. bxc6 Nxc6 14. Rb1 a4 15.
Bb2 Ra5 16. Re1 Re8 17. Rc1 h6 18. Nf3 Nd4 19. Nb1 Rb5 20. Bc3 Qd7 21. e3 Nb3
22. Rc2 f6 23. Bb2 Rd8 24. d4 Nc4 25. Qe2 Nxb2 26. Rxb2 e4 27. Nh4 g5 28. Ng6
Bd6 29. Nc3 Ra5 30. Nxe4 Kg7 31. Qf3 Qf7 32. Nxd6 Rxd6 33. Nf4 gxf4 34. Qxf4
Rd7 35. Rc2 h5 36. Rd1 Qf8 37. d5 Qxa3 38. Bf3 Bf7 39. Qf5 Qd6 40. Be4 Rc5 41.
Qh7+ Kf8 42. Rxc5 Nxc5 43. Bf5 Rc7 0-1

[Event "4MCR_3DW_1L_2S"]
[Site "CR"]
[Date "2011.??.??"]
[Round "?"]
[White "Kratochvil, Jan"]
[Black "Svoboda, Frantisek"]
[Result "1-0"]
[WhiteElo "2114"]
[BlackElo "2416"]
[Annotator "048"]
[PlyCount "101"]
[EventDate "2011.??.??"]
[EventType "corr"]

1. d4 e6 2. c4 Nf6 3. Nf3 b6 4. Nc3 Bb7 5. a3 d5 6. cxd5 Nxd5 7. e3 g6 8. Nxd5
exd5 9. b4 Bg7 10. Be2 O-O 11. O-O Nd7 12. a4 Nf6 13. Bb2 Ne4 14. Qc2 c6 15. a5
Rc8 16. Nd2 Nd6 17. a6 Ba8 18. Rfc1 Qe7 19. h3 Rfe8 20. Bd3 Rcd8 21. Qb3 Bf8
22. Nf3 f6 23. Rc2 Nb5 24. Ra4 Nd6 25. Nd2 Kg7 26. Ra1 Ne4 27. b5 Nxd2 28. Rxd2
c5 29. dxc5 bxc5 30. Be2 Qc7 31. Bc3 Bd6 32. Bf3 c4 33. Qa4 Be5 34. Ba5 Qc5 35.
Rad1 Rd7 36. Bb4 Qc7 37. Bg4 f5 38. Be2 Bf6 39. Ra2 Re6 40. Ba5 Qc8 41. Rad2
Ree7 42. Bf3 Qe8 43. Bb4 Rf7 44. Rxd5 Bxd5 45. Bxd5 Rxd5 46. Rxd5 Qe4 47. Rd1
Kh6 48. b6 axb6 49. a7 b5 50. Qa6 Qa8 51. Rd7 1-0

[Event "4MCR_3DW_1L_2S"]
[Site "CR"]
[Date "2011.??.??"]
[Round "?"]
[White "Svoboda, Frantisek"]
[Black "Alexa, Jaroslav"]
[Result "1/2-1/2"]
[WhiteElo "2416"]
[BlackElo "2327"]
[Annotator "049"]
[PlyCount "72"]
[EventDate "2011.??.??"]
[EventType "corr"]

1. c4 Nf6 2. Nc3 c6 3. Nf3 d5 4. e3 e6 5. d4 Nbd7 6. Bd3 dxc4 7. Bxc4 b5 8. Bd3
Bb7 9. O-O a6 10. e4 c5 11. d5 Qc7 12. dxe6 fxe6 13. Bc2 Bd6 14. Ng5 Nf8 15. f4
h6 16. e5 O-O-O 17. Nf7 Qxf7 18. exd6 Qe8 19. Qe2 Rxd6 20. Be3 Qc6 21. Rac1
N8d7 22. a4 b4 23. Nb1 g5 24. Nd2 gxf4 25. Bxf4 Rd4 26. Nb3 Rxf4 27. Rxf4 Rg8
28. Rf2 Ng4 29. Rf3 Ne3 30. Rg3 Rxg3 31. hxg3 Qd5 32. Na5 Ng4 33. Nxb7 Qd4+ 34.
Kf1 Ne3+ 35. Ke1 Kxb7 36. Bd3 Ne5 1/2-1/2

[Event "4MCR_3DW_1L_2S"]
[Site "CR"]
[Date "2011.??.??"]
[Round "?"]
[White "Bares, Jiri"]
[Black "Mezera, Lukas"]
[Result "1/2-1/2"]
[WhiteElo "2219"]
[BlackElo "2319"]
[Annotator "050"]
[PlyCount "66"]
[EventDate "2011.??.??"]
[EventType "corr"]

1. d4 Nf6 2. c4 e6 3. Nf3 b6 4. g3 Ba6 5. b3 Bb4+ 6. Bd2 Be7 7. Bg2 c6 8. Bc3
d5 9. Ne5 Nfd7 10. Nxd7 Nxd7 11. Nd2 O-O 12. O-O Rc8 13. e4 b5 14. Re1 dxc4 15.
bxc4 bxc4 16. Qa4 Bb5 17. Qc2 Re8 18. a4 Ba6 19. Rad1 Bf8 20. a5 Nf6 21. Nf3
Qc7 22. Bf1 Rcd8 23. Qa2 c5 24. d5 exd5 25. Bxf6 gxf6 26. exd5 Bc8 27. Bxc4 Bg4
28. Kg2 Qd7 29. Qb3 Rb8 30. Qd3 Rxe1 31. Rxe1 Bd6 32. Nd2 Be5 33. a6 Rb4
1/2-1/2

[Event "4MCR_3DW_1L_2S"]
[Site "CR"]
[Date "2011.??.??"]
[Round "?"]
[White "Bares, Jiri"]
[Black "Kratochvil, Jan"]
[Result "1/2-1/2"]
[WhiteElo "2219"]
[BlackElo "2114"]
[Annotator "051"]
[PlyCount "113"]
[EventDate "2011.??.??"]
[EventType "corr"]

1. d4 Nf6 2. c4 g6 3. Nc3 d5 4. cxd5 Nxd5 5. e4 Nxc3 6. bxc3 Bg7 7. Bc4 c5 8.
Ne2 Nc6 9. Be3 cxd4 10. cxd4 Qa5+ 11. Bd2 Qh5 12. O-O O-O 13. Be3 b6 14. f3 Qa5
15. Rc1 Bb7 16. Qb3 Rac8 17. Rfd1 Ba6 18. d5 Nb4 19. Bxa6 Rxc1 20. Rxc1 Nxa6
21. Nd4 Nc5 22. Qc4 Qa3 23. Rc3 Qa5 24. Kf1 Nb7 25. Rc2 Nd6 26. Qb3 Bxd4 27.
Bxd4 f6 28. Rc6 Rd8 29. a4 Rd7 30. Qc2 b5 31. axb5 Nxb5 32. Be3 Kf7 33. Kf2 Rb7
34. h4 Nd6 35. Qd2 Qa4 36. Bf4 Nc4 37. Qc1 Nb2 38. Kg3 Nd3 39. Qe3 Nxf4 40.
Qxf4 Kg7 41. h5 Qb4 42. Kh3 Qe1 43. Rc1 Qa5 44. h6+ Kf7 45. Kh2 Qd8 46. Qg4 Rc7
47. Qe6+ Kf8 48. Rd1 Qd7 49. Qa6 Kf7 50. Kg3 g5 51. d6 Rc6 52. Qb5 exd6 53.
Qd5+ Kf8 54. Ra1 Qe7 55. Rb1 Rb6 56. Rc1 Rb8 57. Rc6 1/2-1/2